000
00293nam a22001337a 4500
008
170721b xxu||||| |||| 00| 0 eng d
020
_a
9780130646224
041
_a
eng
080
_2
4TH
_a
004
100
_a
28
101
_a
SHKI
245
_a
INFORMATION SYSTEMS
_c
ALTER, S
942
_2
udc
_c
BK
999
_c
21721
_d
21721